[Event "10th Reykjavik op"]
[Site "Reykjavik ISL"]
[Date "1982.02.14"]
[Round "5"]
[White "Solmundarson, Magnus"]
[Black "Gruenberg, Rainer"]
[Result "1/2-1/2"]
[WhiteElo "2380"]
[BlackElo "2310"]
[EventDate "1982.02.09"]
[PlyCount "94"]

1.c4 Nf6 2.Nc3 d5 3.cxd5 Nxd5 4.Nxd5 Qxd5 5.Nf3 e5 6.d3 Bb4+ 7.Bd2 Bxd2+ 
8.Qxd2 O-O 9.g3 c5 10.Bg2 Nc6 11.O-O Qd6 12.Rfc1 Be6 13.a3 Rac8 14.b4 cxb4
15.axb4 Qxb4 16.Qxb4 Nxb4 17.Rcb1 Nc6 18.Rxb7 Rb8 19.Rxb8 Rxb8 20.Ng5 Bd7 
21.Bd5 Rf8 22.Ra6 Nb4 23.Rxa7 Be8 24.Bc4 Nc6 25.Ra8 h6 26.Ne4 Bd7 27.Ra6 
Nd4 28.e3 Nf3+ 29.Kg2 Ng5 30.Nxg5 hxg5 31.Ra7 Rd8 32.Kf3 Kf8 33.Ke4 f6 34.
Bd5 g6 35.g4 Ke8 36.h3 Rc8 37.Ra8 Ke7 38.Rxc8 Bxc8 39.d4 Kd6 40.dxe5+ fxe5
41.Bf7 Bb7+ 42.Kd3 Bg2 43.Bxg6 Bxh3 44.f3 Bf1+ 45.Ke4 Ke6 46.Bf5+ Kf6 47.
Kd5 Bb5 1/2-1/2

[Event "10th Reykjavik op"]
[Site "Reykjavik ISL"]
[Date "1982.02.14"]
[Round "5"]
[White "Hansson, Dan"]
[Black "Jonsson, Johann Thorir"]
[Result "1/2-1/2"]
[WhiteElo "2260"]
[BlackElo "2200"]
[EventDate "1982.02.09"]
[PlyCount "170"]

1.e4 e5 2.Nf3 Nc6 3.Bb5 a6 4.Ba4 d6 5.Bxc6+ bxc6 6.d4 exd4 7.Nxd4 c5 8.Nc6
Qd7 9.Na5 Qb5 10.Nb3 Bb7 11.Nc3 Qd7 12.Na5 Rb8 13.Nxb7 Rxb7 14.O-O Nf6 15.
Qe2 Rb6 16.Nd5 Nxd5 17.exd5+ Be7 18.b3 O-O 19.Bb2 Re8 20.Rfe1 Qf5 21.Rad1 
Rbb8 22.Rd3 Bf8 23.Qxe8 Rxe8 24.Rxe8 f6 25.Bc3 Qg5 26.Be1 Qc1 27.c4 h5 28.
Rde3 Kf7 29.Rc8 g5 30.Rxc7+ Kg6 31.h3 g4 32.hxg4 hxg4 33.g3 Bh6 34.Re2 Bd2
35.Rce7 Bc3 36.R7e3 Be5 37.Kg2 Qd1 38.Rd2 Qb1 39.Rde2 Qc1 40.Bd2 Qd1 41.
Ba5 Qb1 42.Rd2 Bd4 43.Ree2 Qf5 44.Rc2 Qf3+ 45.Kh2 Be5 46.Bc3 Qd3 47.Bxe5 
fxe5 48.Rcd2 Qc3 49.Rd1 a5 50.Rde1 Kf5 51.Re3 Qc2 52.R1e2 Qb1 53.Kg2 Qd1 
54.a4 Kg5 55.Re1 Qc2 56.Rh1 Qg6 57.Rh8 Qg7 58.Ra8 Qc7 59.Rg8+ Kf5 60.f3 
Qh7 61.Rxg4 Qh6 62.Rge4 Qh8 63.f4 exf4 64.Rxf4+ Kg5 65.Rf2 Qd4 66.Re6 Qd3 
67.Rfe2 Kg4 68.R2e4+ Kg5 69.Re8 Kg6 70.R4e6+ Kg5 71.Rg8+ Kf5 72.g4+ Kf4 
73.Rf6+ Ke5 74.Rf5+ Kd4 75.Rf4+ Ke5 76.Rf3 Qe2+ 77.Kg3 Qe1+ 78.Kh3 Qh1+ 
79.Kg3 Qe1+ 80.Rf2 Qe3+ 81.Kg2 Qe4+ 82.Kf1 Qb1+ 83.Ke2 Qc2+ 84.Kf1 Qb1+ 
85.Kg2 Qe4+ 1/2-1/2

[Event "10th Reykjavik op"]
[Site "Reykjavik ISL"]
[Date "1982.02.15"]
[Round "6"]
[White "Alburt, Lev"]
[Black "Olafsson, Helgi"]
[Result "1-0"]
[WhiteElo "2550"]
[BlackElo "2430"]
[EventDate "1982.02.09"]
[PlyCount "67"]

1.d4 Nf6 2.c4 e6 3.g3 c5 4.d5 exd5 5.cxd5 d6 6.Nc3 g6 7.Bg2 Bg7 8.Nf3 O-O 
9.O-O a6 10.a4 Nbd7 11.h3 Re8 12.Nd2 Rb8 13.Nc4 Ne5 14.Na3 Nh5 15.e4 Rf8 
16.Kh2 f5 17.f4 b5 18.axb5 axb5 19.Naxb5 fxe4 20.Na7 e3 21.Qe2 Nxg3 22.
Kxg3 g5 23.f5 Bxf5 24.Qxe3 Qd7 25.Nc6 Rbe8 26.Qxg5 h6 27.Qh5 Bg6 28.Rxf8+ 
Rxf8 29.Qe2 Bd3 30.Qe3 Nxc6 31.dxc6 Qf5 32.Kh2 Be5+ 33.Kh1 Bd4 34.Bd5+ 1-0

[Event "10th Reykjavik op"]
[Site "Reykjavik ISL"]
[Date "1982.02.15"]
[Round "6"]
[White "Burger, Karl"]
[Black "Gurevich, Dmitry"]
[Result "0-1"]
[WhiteElo "2420"]
[BlackElo "2470"]
[EventDate "1982.02.09"]
[PlyCount "104"]

1.d4 Nf6 2.Nf3 c5 3.d5 e6 4.c4 exd5 5.cxd5 g6 6.Nc3 Bg7 7.e4 O-O 8.Be2 b5 
9.e5 Ng4 10.Bf4 Re8 11.Nxb5 Nxe5 12.Nxe5 Bxe5 13.Bxe5 Rxe5 14.O-O d6 15.
Re1 a6 16.Na3 Ra7 17.Nc4 Re4 18.Qb3 Rb7 19.Qg3 Rbe7 20.Kf1 Rd7 21.b3 f5 
22.Bd3 f4 23.Qf3 Rxe1+ 24.Rxe1 Rf7 25.Be4 a5 26.Qd3 Qf6 27.Qd2 a4 28.Bf3 
axb3 29.axb3 Na6 30.Qa5 Nb4 31.Re8+ Rf8 32.Rxf8+ Qxf8 33.Qc7 Ba6 34.Bg4 
Bxc4+ 35.bxc4 Nd3 36.Be6+ Kh8 37.Qa7 Ne5 38.Qa6 Kg7 39.h3 f3 40.gxf3 Nxf3 
41.Bg4 Ne5 42.Be2 h5 43.Qa3 Qf4 44.Qc3 Qh2 45.Ke1 Qg1+ 46.Bf1 Qg5 47.Be2 
h4 48.Kf1 Qf4 49.Ke1 Qe4 50.Kd2 Kh7 51.Qe3 Qxc4 52.Qxe5 Qa2+ 0-1

[Event "10th Reykjavik op"]
[Site "Reykjavik ISL"]
[Date "1982.02.15"]
[Round "6"]
[White "Hjartarson, Johann"]
[Black "Byrne, Robert"]
[Result "0-1"]
[WhiteElo "2425"]
[BlackElo "2515"]
[EventDate "1982.02.09"]
[PlyCount "110"]

1.d4 Nf6 2.c4 e6 3.Nc3 Bb4 4.e3 O-O 5.Bd3 c5 6.Nf3 d5 7.O-O Nc6 8.a3 Bxc3 
9.bxc3 Qc7 10.cxd5 exd5 11.Nh4 Ne7 12.g3 Bh3 13.Re1 c4 14.Bf1 Bxf1 15.Rxf1
Ne4 16.Bb2 f5 17.f3 Nf6 18.Qc2 Qd7 19.a4 g5 20.Ng2 Ng6 21.Ba3 Rf7 22.Rf2 
Kg7 23.Raf1 Re8 24.a5 h5 25.Bc5 h4 26.gxh4 gxh4 27.e4 fxe4 28.Ne3 Nf4 29.
Kh1 Nd3 30.Rg2+ Kh7 31.Qd1 exf3 32.Qxf3 Rxe3 33.Qxe3 Ng4 34.Qe2 Rxf1+ 35.
Qxf1 Ne3 36.Qf3 Nxg2 37.Qh5+ Kg7 38.Qg5+ Kf7 39.Qh5+ Kf6 40.Qh6+ Kf5 41.
Kxg2 Qe8 42.Qh7+ Qg6+ 43.Qxg6+ Kxg6 44.Bxa7 Nc1 45.Kf3 Na2 46.Kf4 Kf6 47.
Bb6 h3 48.Bd8+ Ke6 49.Kg4 Nxc3 50.Kxh3 Ne2 51.Kg4 c3 52.h4 c2 53.Bg5 c1=Q 
54.Bxc1 Nxc1 55.h5 Ne2 0-1

[Event "10th Reykjavik op"]
[Site "Reykjavik ISL"]
[Date "1982.02.15"]
[Round "6"]
[White "Helmers, Knut"]
[Black "Kaiszauri, Konstanty"]
[Result "1-0"]
[WhiteElo "2430"]
[BlackElo "2395"]
[EventDate "1982.02.09"]
[PlyCount "72"]

1.Nf3 Nf6 2.c4 e6 3.g3 d5 4.d4 dxc4 5.Bg2 a6 6.O-O b5 7.Ne5 c6 8.Nxc6 Qb6 
9.Nxb8 Rxb8 10.e4 Bb7 11.Nc3 Bb4 12.Bg5 Bxc3 13.Bxf6 Bxb2 14.Bxg7 Rg8 15.
Rb1 Rxg7 16.Rxb2 c3 17.Rc2 b4 18.d5 a5 19.dxe6 fxe6 20.Qh5+ Kf8 21.Qe5 Rd8
22.Bh3 Qd4 23.Qf4+ Ke7 24.Qh6 Rd6 25.Bg2 Qf6 26.Qe3 Qd4 27.Qh6 Qf6 28.Qe3 
Qd4 29.e5 Rd5 30.Qxd4 Rxd4 31.Bxb7 Kd8 32.Bc6 Kc7 33.Ba4 Rg8 34.Rcc1 Rd2 
35.Rfd1 Rgd8 36.Rxd2 Rxd2 1-0

[Event "10th Reykjavik op"]
[Site "Reykjavik ISL"]
[Date "1982.02.15"]
[Round "6"]
[White "Hoei, Carsten"]
[Black "Kogan, Boris"]
[Result "0-1"]
[WhiteElo "2425"]
[BlackElo "2455"]
[EventDate "1982.02.09"]
[PlyCount "90"]

1.d4 Nf6 2.c4 c5 3.d5 g6 4.Nc3 Bg7 5.e4 d6 6.Nf3 O-O 7.Be2 e6 8.O-O exd5 
9.exd5 Na6 10.h3 Nc7 11.Bg5 h6 12.Bf4 Nh5 13.Bh2 f5 14.Qc2 a6 15.a4 Ne8 
16.Rfe1 g5 17.Nd2 Nhf6 18.Bd3 f4 19.Re2 Nd7 20.Nf3 Ne5 21.Nxe5 Bxe5 22.
Rae1 Ng7 23.Rxe5 dxe5 24.Ne4 Bf5 25.Qc3 Bxe4 26.Rxe4 Qd6 27.Qxe5 Qxe5 28.
Rxe5 Rae8 29.Rxe8 Rxe8 30.Kf1 Kf7 31.a5 Kf6 32.g3 Ke5 33.Ke2 Nf5 34.Kf3 
Rg8 35.Kg2 Nd4 36.f3 Nb3 37.Bg1 Rc8 38.h4 Nxa5 39.Kh3 b5 40.cxb5 c4 41.Be4
axb5 42.Kg4 b4 43.hxg5 fxg3 44.Bb6 Nb7 45.Bf5 Rf8 0-1

[Event "10th Reykjavik op"]
[Site "Reykjavik ISL"]
[Date "1982.02.15"]
[Round "6"]
[White "Bajovic, Milan"]
[Black "Sigurjonsson, Gudmundur"]
[Result "1/2-1/2"]
[WhiteElo "2345"]
[BlackElo "2435"]
[EventDate "1982.02.09"]
[PlyCount "44"]

1.d4 Nf6 2.Nf3 e6 3.Bg5 h6 4.Bh4 b6 5.Nbd2 Bb7 6.c3 c5 7.e3 Be7 8.h3 Nc6 
9.Be2 O-O 10.O-O cxd4 11.cxd4 Nd5 12.Bxe7 Qxe7 13.a3 d6 14.Qa4 a6 15.Rfc1 
b5 16.Qd1 Nb6 17.Rc2 Rfc8 18.Rac1 Rc7 19.Ne1 Rac8 20.Bf3 Na5 21.Bxb7 Nxb7 
22.b4 Qd7 1/2-1/2

[Event "10th Reykjavik op"]
[Site "Reykjavik ISL"]
[Date "1982.02.15"]
[Round "6"]
[White "Jonsson, Johannes Gisli"]
[Black "Petursson, Margeir"]
[Result "1/2-1/2"]
[WhiteElo "2315"]
[BlackElo "2415"]
[EventDate "1982.02.09"]
[PlyCount "132"]

1.e4 c5 2.g3 Nc6 3.Bg2 g6 4.d3 Bg7 5.c3 e5 6.f4 exf4 7.Bxf4 Nge7 8.Na3 O-O
9.Nf3 d5 10.Nb5 h6 11.h4 Bg4 12.O-O Qb6 13.a4 Rac8 14.Qc1 Kh7 15.Nd6 Rcd8 
16.exd5 Nxd5 17.Nc4 Qa6 18.Bd6 Rfe8 19.Bxc5 Nxc3 20.bxc3 Rxd3 21.Qf4 f5 
22.Nd6 Re2 23.Nb5 Ne5 24.Nfd4 Rxg2+ 25.Kxg2 b6 26.Bb4 Qb7+ 27.Kg1 a6 28.
Nd6 Qd5 29.Rf2 a5 30.Ba3 Rxc3 31.N6b5 Rd3 32.Bb2 g5 33.hxg5 hxg5 34.Rh2+ 
Kg6 35.Qf2 Nc4 36.Nxf5 Bxf5 37.Bxg7 Kxg7 38.Rf1 Rd1 39.Rxd1 Qxd1+ 40.Qf1 
Qd5 41.Qa1+ Kg6 42.Qd4 Qe6 43.Rf2 Qe1+ 44.Kh2 Ne5 45.Qxb6+ Kh5 46.Rxf5 
Ng4+ 47.Kg2 Qe2+ 48.Kg1 Qe1+ 49.Kg2 Qe4+ 50.Kf1 Qxf5+ 51.Ke1 Qb1+ 52.Ke2 
Qc2+ 53.Ke1 Qxa4 54.Nc3 Qe8+ 55.Kd2 Qe5 56.Qg1 Nf6 57.Qd1+ Kh6 58.Qh1+ Kg6
59.Qb1+ Qf5 60.Qb6 Kh5 61.Qd4 Qd7 62.Qxd7 Nxd7 63.Ne4 Kg4 64.Kc3 Nb6 65.
Kb3 Kf5 66.Nd6+ Ke5 1/2-1/2

[Event "10th Reykjavik op"]
[Site "Reykjavik ISL"]
[Date "1982.02.15"]
[Round "6"]
[White "Forintos, Gyozo"]
[Black "Kraehenbuehl, Gerhard"]
[Result "1-0"]
[WhiteElo "2410"]
[BlackElo "2305"]
[EventDate "1982.02.09"]
[PlyCount "132"]

1.d4 Nf6 2.c4 g6 3.Nc3 Bg7 4.e4 O-O 5.Nge2 d6 6.Ng3 e5 7.d5 c5 8.Be2 Na6 
9.h4 Nc7 10.a3 a6 11.Bg5 Bd7 12.b4 b6 13.b5 a5 14.Qd2 Qc8 15.h5 Bg4 16.f3 
Bd7 17.O-O-O Nce8 18.Rh4 Qc7 19.Rdh1 Bc8 20.Bd3 Ra7 21.Kc2 Rb7 22.R1h2 Ra7
23.Qc1 Rb7 24.Qh1 Ra7 25.Nd1 Rb7 26.Ne3 Ra7 27.Nd1 Rb7 28.Nf2 Ra7 29.Bd2 
Qe7 30.Nd1 Rb7 31.Nc3 Ra7 32.Na4 Rb7 33.Bc1 Rb8 34.Bg5 Qc7 35.Qc1 Rb7 36.
Kb3 Rb8 37.Rh1 Rb7 38.R1h2 Rb8 39.Qh1 Rb7 40.Be3 Qd8 41.Nc3 Qe7 42.Ka2 Qd8
43.Bg5 Qc7 44.Na4 Rb8 45.Bb1 Rb7 46.Bc2 Rb8 47.Bd3 Rb7 48.Kb3 Ra7 49.Bd2 
Rb7 50.Ne2 Qe7 51.g4 g5 52.Bxg5 h6 53.Bd2 Nh7 54.Nac3 Ng5 55.Rf2 Bf6 56.
Rhh2 Kh8 57.Qc1 Rg8 58.Rf1 Ra7 59.Ng3 Rc7 60.Be2 Ra7 61.Nh1 Rc7 62.Nf2 Ra7
63.Nd3 Rc7 64.Bd1 Bg7 65.Be3 Kh7 66.Ra2 Rd7 1-0

[Event "10th Reykjavik op"]
[Site "Reykjavik ISL"]
[Date "1982.02.15"]
[Round "6"]
[White "Bjarnason, Saevar"]
[Black "Kindermann, Stefan"]
[Result "1-0"]
[WhiteElo "2290"]
[BlackElo "2410"]
[EventDate "1982.02.09"]
[PlyCount "91"]

1.d4 Nf6 2.c4 g6 3.Nc3 Bg7 4.e4 d6 5.Nf3 O-O 6.Be3 c6 7.Be2 a6 8.h3 Nbd7 
9.O-O b5 10.a3 Nb6 11.e5 Ne8 12.b3 bxc4 13.bxc4 Be6 14.d5 Bd7 15.Rb1 c5 
16.Bf4 Qc7 17.exd6 exd6 18.Qc2 Bf5 19.Ne4 Bd7 20.Bd3 h6 21.Rfe1 f5 22.Nxc5
Qxc5 23.Be3 Qxa3 24.Bxb6 Rb8 25.Bc5 Qxc5 26.Rxb8 Nf6 27.Rxf8+ Kxf8 28.Nh4 
Kf7 29.Qe2 Bf8 30.Nf3 a5 31.Qa2 Bg7 32.Bc2 Qa7 33.Ba4 Bxa4 34.Qxa4 Ne4 35.
Re2 Bc3 36.g4 Qb7 37.gxf5 gxf5 38.Nh4 Kf6 39.Qe8 Qg7+ 40.Kf1 Kg5 41.Nxf5 
Nd2+ 42.Rxd2 Kxf5 43.Qe6+ Kg5 44.Rd3 Be5 45.Qg4+ Kf6 46.Rf3+ 1-0

[Event "10th Reykjavik op"]
[Site "Reykjavik ISL"]
[Date "1982.02.15"]
[Round "6"]
[White "Mednis, Edmar"]
[Black "Savage, Allan George"]
[Result "1-0"]
[WhiteElo "2470"]
[BlackElo "2310"]
[EventDate "1982.02.09"]
[PlyCount "91"]

1.e4 Nc6 2.Nf3 e6 3.d4 d5 4.Nbd2 Nf6 5.e5 Nd7 6.Be2 Be7 7.Nf1 O-O 8.Ne3 
Nb6 9.c3 f6 10.Bd3 fxe5 11.Nxe5 Nxe5 12.dxe5 Qe8 13.O-O Bd7 14.Qg4 Na4 15.
Qh3 g6 16.Ng4 h5 17.Nf6+ Bxf6 18.exf6 Rxf6 19.Qh4 Qf7 20.Bc2 Nb6 21.Bg5 
Kg7 22.Rfe1 Nc4 23.b3 Nd6 24.Qd4 Rf8 25.Re3 Kh7 26.Bxf6 Qxf6 27.Rg3 Be8 
28.Qxa7 e5 29.Rf3 Qe7 30.Rxf8 Qxf8 31.Qe3 Qf6 32.Re1 e4 33.f3 Bc6 34.fxe4 
dxe4 35.Rf1 Nf5 36.Qd2 e3 37.Qxe3 Nxe3 38.Rxf6 Nxc2 39.Rf7+ Kh6 40.Rxc7 
Ne3 41.c4 Kg5 42.g3 h4 43.gxh4+ Kxh4 44.a4 Nc2 45.a5 Nb4 46.Kf1 1-0

[Event "10th Reykjavik op"]
[Site "Reykjavik ISL"]
[Date "1982.02.15"]
[Round "6"]
[White "Jonasson, Benedikt"]
[Black "Frey Beckman, Kenneth"]
[Result "1/2-1/2"]
[WhiteElo "2240"]
[BlackElo "2480"]
[EventDate "1982.02.09"]
[PlyCount "32"]

1.e4 c5 2.Nf3 Nc6 3.d4 cxd4 4.Nxd4 g6 5.Nc3 Bg7 6.Be3 Nf6 7.Bc4 O-O 8.Bb3 
Qa5 9.O-O d6 10.h3 Qh5 11.Qxh5 Nxh5 12.Rad1 Nxd4 13.Bxd4 Nf4 14.Rfe1 Be6 
15.Nd5 Bxd5 16.exd5 Bf6 1/2-1/2

[Event "10th Reykjavik op"]
[Site "Reykjavik ISL"]
[Date "1982.02.15"]
[Round "6"]
[White "Gudmundsson, Elvar"]
[Black "Thorsteins, Karl"]
[Result "1/2-1/2"]
[WhiteElo "2320"]
[BlackElo "2305"]
[EventDate "1982.02.09"]
[PlyCount "60"]

1.d4 Nf6 2.c4 c5 3.Nf3 cxd4 4.Nxd4 b6 5.Nc3 Bb7 6.f3 e6 7.e4 d6 8.Be3 Be7 
9.Be2 O-O 10.O-O Nbd7 11.Rc1 a6 12.Qd2 Re8 13.Rfd1 Bf8 14.a3 Rc8 15.b4 Qc7
16.Nb3 Qb8 17.Bf1 Ba8 18.Qf2 Rc6 19.h3 Rec8 20.Nd4 R6c7 21.b5 Ne5 22.bxa6 
Nxc4 23.Bxc4 Rxc4 24.Ndb5 d5 25.exd5 Nxd5 26.Nxd5 Bxd5 27.Rxc4 Bxc4 28.a7 
Qb7 29.Nd6 Bxd6 30.Rxd6 Qxa7 1/2-1/2

[Event "10th Reykjavik op"]
[Site "Reykjavik ISL"]
[Date "1982.02.15"]
[Round "6"]
[White "Gruenberg, Rainer"]
[Black "Arnason, Asgeir Thor"]
[Result "1-0"]
[WhiteElo "2310"]
[BlackElo "2240"]
[EventDate "1982.02.09"]
[PlyCount "59"]

1.c4 Nf6 2.Nc3 e6 3.e4 d5 4.e5 Ne4 5.Nxe4 dxe4 6.Qg4 Bd7 7.Qxe4 Bc6 8.Qe3 
Na6 9.d4 Nb4 10.Kd2 a5 11.a3 Na6 12.Ke1 Qd7 13.Bd2 b5 14.cxb5 Bxb5 15.Nf3 
Be7 16.Be2 O-O 17.h4 Rfb8 18.Bc3 c6 19.Ng5 Nc7 20.Qe4 g6 21.Qf4 Bxg5 22.
hxg5 Bxe2 23.Kxe2 Nd5 24.Qh4 c5 25.Kf1 c4 26.Bxa5 Kf8 27.Qxh7 Ke7 28.Bc3 
Qb7 29.Re1 Nf4 30.Bb4+ 1-0

[Event "10th Reykjavik op"]
[Site "Reykjavik ISL"]
[Date "1982.02.15"]
[Round "6"]
[White "Sigurjonsson, Johann Oern"]
[Black "Hansson, Dan"]
[Result "0-1"]
[WhiteElo "2240"]
[BlackElo "2260"]
[EventDate "1982.02.09"]
[PlyCount "50"]

1.e4 c5 2.Nf3 d6 3.d4 cxd4 4.Nxd4 Nf6 5.Nc3 a6 6.Bc4 e6 7.a3 Be7 8.O-O b5 
9.Ba2 Bb7 10.f4 Nbd7 11.f5 e5 12.Nde2 Rc8 13.Ng3 h5 14.Qe2 h4 15.Nh1 Rxc3 
16.bxc3 Nxe4 17.Bd2 h3 18.g3 Qb6+ 19.Be3 Qc6 20.Qf3 Qxc3 21.Rae1 Ndf6 22.
Nf2 Qc8 23.Nxe4 Bxe4 24.Qd1 Bc6 25.Kf2 Ne4+ 0-1

[Event "10th Reykjavik op"]
[Site "Reykjavik ISL"]
[Date "1982.02.15"]
[Round "6"]
[White "Jonsson, Johann Thorir"]
[Black "Fridjonsson, Joffus"]
[Result "0-1"]
[WhiteElo "2200"]
[BlackElo "2260"]
[EventDate "1982.02.09"]
[PlyCount "60"]

1.e4 c5 2.f4 Nc6 3.Nf3 g6 4.Nc3 Bg7 5.Bc4 e6 6.Nb5 d6 7.Nc3 Nge7 8.O-O d5 
9.Bb5 dxe4 10.Nxe4 O-O 11.c3 b6 12.Qe2 Bb7 13.d3 Nf5 14.Bd2 Qc7 15.Rad1 
Rad8 16.Bc1 Rd5 17.Qf2 Rfd8 18.Bc4 R5d7 19.Nfg5 Re8 20.g4 Nd6 21.Nxd6 Qxd6
22.f5 exf5 23.Bf4 Ne5 24.d4 cxd4 25.Bxe5 Rxe5 26.Rxd4 Qc6 27.Nf3 Rxd4 28.
Qxd4 Re4 29.Bxf7+ Kxf7 30.Qxe4 Qc5+ 0-1

[Event "10th Reykjavik op"]
[Site "Reykjavik ISL"]
[Date "1982.02.16"]
[Round "7"]
[White "Wedberg, Tom"]
[Black "Burger, Karl"]
[Result "1/2-1/2"]
[WhiteElo "2435"]
[BlackElo "2420"]
[EventDate "1982.02.09"]
[PlyCount "130"]

1.e4 c6 2.d4 d5 3.Nd2 dxe4 4.Nxe4 Bf5 5.Ng3 Bg6 6.Nf3 Nd7 7.h4 h6 8.h5 Bh7
9.Bd3 Bxd3 10.Qxd3 Ngf6 11.Bd2 e6 12.O-O-O Qc7 13.Ne4 O-O-O 14.g3 Nc5 15.
Nxc5 Bxc5 16.Qc4 Bd6 17.Qa4 b6 18.Qa6+ Kb8 19.Qe2 Rhe8 20.Kb1 Ng4 21.Nh4 
Nf6 22.Qf3 Rh8 23.Rhe1 Qb7 24.c4 b5 25.Rc1 Ka8 26.Ng2 c5 27.Qxb7+ Kxb7 28.
dxc5 Bxc5 29.Be3 Bxe3 30.Rxe3 bxc4 31.Rxc4 Rd1+ 32.Kc2 Rhd8 33.Nf4 R1d2+ 
34.Kc1 Rd1+ 35.Kc2 R8d2+ 36.Kb3 Nd5 37.Nxd5 Rxd5 38.Rec3 Rb5+ 39.Ka4 Rxb2 
40.Rc7+ Ka6 41.R3c6+ Rb6 42.Rxb6+ axb6 43.Rxf7 Rd5 44.g4 Rd4+ 45.Kb3 Rxg4 
46.Re7 Rg5 47.f4 Rxh5 48.Rxg7 Rh3+ 49.Kb2 h5 50.Rg6 Rf3 51.Rxe6 Rxf4 52.
Rh6 h4 53.Rh5 b5 54.Rh8 Ka5 55.a3 Rf2+ 56.Kb3 Rf3+ 57.Kb2 Rf4 58.Kb3 Rf3+ 
59.Kb2 h3 60.Rh6 Rd3 61.Rh4 Kb6 62.Rh5 Kc6 63.Ka2 Rd2+ 64.Kb3 h2 65.Kb4 
Rd6 1/2-1/2

[Event "10th Reykjavik op"]
[Site "Reykjavik ISL"]
[Date "1982.02.16"]
[Round "7"]
[White "Arnason, Jon"]
[Black "Helmers, Knut"]
[Result "1-0"]
[WhiteElo "2445"]
[BlackElo "2430"]
[EventDate "1982.02.09"]
[PlyCount "101"]

1.e4 c6 2.d4 d5 3.Nd2 dxe4 4.Nxe4 Nd7 5.Bc4 Ngf6 6.Ng5 e6 7.Qe2 Nb6 8.Bd3 
Qxd4 9.N1f3 Qd5 10.Ne5 Qxg2 11.Rf1 Be7 12.Nef3 Qg4 13.Nxf7 Rg8 14.Rg1 Qa4 
15.N3g5 Bd7 16.Bd2 Nbd5 17.Nxh7 Nf4 18.Bxf4 Qxf4 19.Bg6 Nxh7 20.Ne5+ Kd8 
21.Bxh7 Bf6 22.Nxd7 Kxd7 23.Bxg8 Rxg8 24.Qd2+ Qxd2+ 25.Kxd2 Rh8 26.Rg2 Rh5
27.c3 Ke7 28.Re1 Ra5 29.a3 Rf5 30.Re4 a5 31.f4 Rb5 32.Kc2 Rf5 33.Rge2 Kd7 
34.Kd1 Kc7 35.Kc2 Kd7 36.Rxe6 Rxf4 37.R6e4 Rf5 38.Rd2+ Kc7 39.Re6 Rh5 40.
Rde2 Rd5 41.Re8 Rh5 42.Ra8 Kb6 43.Rae8 Kc7 44.Rf2 Kd7 45.Rf8 Kc7 46.Rf7+ 
Kb6 47.Rd2 Be5 48.Rdd7 Rxh2+ 49.Kb3 g5 50.Rxb7+ Kc5 51.Rf5 1-0

[Event "10th Reykjavik op"]
[Site "Reykjavik ISL"]
[Date "1982.02.16"]
[Round "7"]
[White "Kogan, Boris"]
[Black "Sahovic, Dragutin"]
[Result "1/2-1/2"]
[WhiteElo "2455"]
[BlackElo "2450"]
[EventDate "1982.02.09"]
[PlyCount "52"]

1.c4 Na6 2.d4 d6 3.Nc3 c6 4.e4 e5 5.Nf3 Qe7 6.Be2 Bg4 7.O-O g6 8.Rb1 Bg7 
9.Be3 Nf6 10.b4 O-O 11.b5 exd4 12.Nxd4 Bxe2 13.Qxe2 cxb5 14.Ndxb5 Nxe4 15.
Nxe4 Qxe4 16.Nxd6 Qc6 17.Nxb7 Rfb8 18.Na5 Qa4 19.Nb3 Nb4 20.Nc5 Qxa2 21.
Qxa2 Nxa2 22.Na6 Rc8 23.c5 Rc6 24.Nb8 Rc8 25.Nd7 Rc7 26.Nb8 Nc3 1/2-1/2

[Event "10th Reykjavik op"]
[Site "Reykjavik ISL"]
[Date "1982.02.16"]
[Round "7"]
[White "Shamkovich, Leonid"]
[Black "Bischoff, Klaus"]
[Result "1-0"]
[WhiteElo "2470"]
[BlackElo "2385"]
[EventDate "1982.02.09"]
[PlyCount "93"]

1.e4 d6 2.d4 g6 3.Nf3 Bg7 4.Bc4 Nf6 5.Qe2 c6 6.Bb3 O-O 7.O-O Na6 8.Rd1 Nc7
9.Nbd2 d5 10.e5 Nfe8 11.Nf1 Ne6 12.h4 f5 13.h5 N8c7 14.hxg6 hxg6 15.c3 b6 
16.Nh4 Qe8 17.Bc2 Ba6 18.Qf3 Qf7 19.Ng3 c5 20.Ngxf5 gxf5 21.Nxf5 Nxd4 22.
Rxd4 e6 23.Nh6+ Bxh6 24.Qg3+ Bg7 25.Rf4 Qe7 26.Rg4 Rf5 27.Bh6 Ne8 28.Bxf5 
exf5 29.Rg5 Kh7 30.Bxg7 Nxg7 31.f4 Rh8 32.Qh3+ Kg8 33.Qxf5 Qf7 34.Qg4 Bd3 
35.Rd1 Bf5 36.Rxg7+ Qxg7 37.Qxf5 Qg3 38.Qe6+ Kg7 39.Qe7+ Kg8 40.Qd8+ Kg7 
41.Qc7+ Kg8 42.Qb8+ Kg7 43.Qxa7+ Kg6 44.f5+ Kxf5 45.Qf7+ Ke4 46.Qxd5+ Kf5 
47.Rf1+ 1-0

[Event "10th Reykjavik op"]
[Site "Reykjavik ISL"]
[Date "1982.02.16"]
[Round "7"]
[White "Sigurjonsson, Gudmundur"]
[Black "Horvath, Tamas"]
[Result "1/2-1/2"]
[WhiteElo "2435"]
[BlackElo "2400"]
[EventDate "1982.02.09"]
[PlyCount "50"]

1.Nf3 c5 2.g3 Nc6 3.d4 cxd4 4.Nxd4 d5 5.Bg2 Nf6 6.O-O e6 7.c4 Bc5 8.Nb3 
Be7 9.cxd5 Nxd5 10.Nc3 Nxc3 11.Qxd8+ Nxd8 12.bxc3 Bd7 13.Na5 Rc8 14.Nxb7 
Nxb7 15.Bxb7 Rxc3 16.Rd1 Ba4 17.Rd4 Bc2 18.Bb2 Rc7 19.Rc1 O-O 20.Rd2 Rxb7 
21.Rcxc2 Rd8 22.Rxd8+ Bxd8 23.Bd4 Rd7 24.e3 f6 25.Rc8 Kf7 1/2-1/2

[Event "10th Reykjavik op"]
[Site "Reykjavik ISL"]
[Date "1982.02.16"]
[Round "7"]
[White "Iskov, Gert"]
[Black "Mednis, Edmar"]
[Result "1/2-1/2"]
[WhiteElo "2380"]
[BlackElo "2470"]
[EventDate "1982.02.09"]
[PlyCount "59"]

1.e4 c5 2.Nf3 Nc6 3.d4 cxd4 4.Nxd4 Nf6 5.Nc3 d6 6.Bc4 e6 7.Be3 Be7 8.Qe2 
O-O 9.Bb3 a6 10.O-O-O Qc7 11.g4 Nxd4 12.Rxd4 b5 13.g5 Nd7 14.f4 Nc5 15.f5 
Nxb3+ 16.axb3 exf5 17.Nd5 Qd8 18.exf5 Bxf5 19.Rf4 Be6 20.Bb6 Qd7 21.Nf6+ 
Bxf6 22.gxf6 Bf5 23.Qg2 Bg6 24.Bd4 Rfc8 25.Rf2 gxf6 26.h4 h5 27.c3 Qc6 28.
Qxc6 Rxc6 29.Rxf6 Re8 30.Kd2 1/2-1/2

[Event "10th Reykjavik op"]
[Site "Reykjavik ISL"]
[Date "1982.02.16"]
[Round "7"]
[White "Kaiszauri, Konstanty"]
[Black "Jonsson, Johannes Gisli"]
[Result "1-0"]
[WhiteElo "2395"]
[BlackElo "2315"]
[EventDate "1982.02.09"]
[PlyCount "49"]

1.c4 e5 2.Nc3 f5 3.g3 Nf6 4.Bg2 Be7 5.Nf3 d6 6.O-O c6 7.c5 e4 8.cxd6 Qxd6 
9.Ne1 O-O 10.d3 exd3 11.Nxd3 Be6 12.Qc2 g6 13.Bh6 Re8 14.Rad1 Qc7 15.Nf4 
Qc8 16.Nxe6 Qxe6 17.e4 fxe4 18.Rfe1 Na6 19.Nxe4 Bb4 20.Bh3 Qe5 21.Bf4 Qe7 
22.Bg5 Bxe1 23.Nxf6+ Kh8 24.Nxe8 Qxg5 25.Rxe1 1-0

[Event "10th Reykjavik op"]
[Site "Reykjavik ISL"]
[Date "1982.02.16"]
[Round "7"]
[White "Kindermann, Stefan"]
[Black "Josteinsson, Leifur"]
[Result "1-0"]
[WhiteElo "2410"]
[BlackElo "2300"]
[EventDate "1982.02.09"]
[PlyCount "80"]

1.e4 c5 2.Nf3 a6 3.c3 d5 4.exd5 Qxd5 5.d4 Bg4 6.Be2 Nf6 7.O-O e6 8.h3 Bh5 
9.Be3 cxd4 10.cxd4 Qd8 11.Qb3 Nc6 12.Nc3 Bd6 13.Bg5 O-O 14.Qxb7 Nb4 15.
Bxf6 gxf6 16.Qe4 Bg6 17.Qh4 Be7 18.Rad1 Nd5 19.Nxd5 Qxd5 20.b3 Qa5 21.Bc4 
Rad8 22.Rfe1 Kg7 23.Re2 Rd7 24.d5 Rfd8 25.Nd4 Rxd5 26.Bxd5 Rxd5 27.Red2 
Qc7 28.Nf3 Rxd2 29.Rxd2 Qc1+ 30.Kh2 a5 31.Qc4 Qa3 32.Nd4 Qd6+ 33.g3 Qe5 
34.Nc6 Qe1 35.Re2 Qd1 36.Nxe7 Bd3 37.Qg4+ Kf8 38.Re3 Qc2 39.Qf3 Ba6 40.
Qxf6 Ke8 1-0

[Event "10th Reykjavik op"]
[Site "Reykjavik ISL"]
[Date "1982.02.16"]
[Round "7"]
[White "Karlsson, Hilmar"]
[Black "Hoei, Carsten"]
[Result "0-1"]
[WhiteElo "2260"]
[BlackElo "2425"]
[EventDate "1982.02.09"]
[PlyCount "100"]

1.e4 d6 2.d4 Nf6 3.Nc3 g6 4.Nf3 Bg7 5.Bc4 O-O 6.O-O Bg4 7.Qe2 Nc6 8.Rd1 
Nd7 9.e5 dxe5 10.dxe5 Ncxe5 11.Bd5 c6 12.h3 cxd5 13.hxg4 e6 14.Nd4 Nc6 15.
Nb3 Rc8 16.Be3 Qe7 17.a4 Rfe8 18.a5 a6 19.Na4 Nce5 20.f3 Nc4 21.Bd4 Bxd4+ 
22.Rxd4 Nde5 23.c3 Qc7 24.Nac5 Nc6 25.Rxc4 dxc4 26.Qxc4 Nxa5 27.Nxa5 Qxc5+
28.Qxc5 Rxc5 29.Nxb7 Rc6 30.Na5 Rc7 31.Kf2 Rb8 32.Ra2 f6 33.Ke3 Kf7 34.c4 
e5 35.Kd3 f5 36.gxf5 gxf5 37.Kc3 e4 38.fxe4 fxe4 39.Kd4 Re8 40.Ke3 Rd7 41.
Nc6 Rd3+ 42.Ke2 Rg3 43.Kf2 Rg6 44.Nd4 e3+ 45.Kf3 Rf6+ 46.Ke2 Rf2+ 47.Ke1 
e2 48.Nc2 Rf1+ 49.Kd2 Rd1+ 50.Kc3 Rc1 0-1

[Event "10th Reykjavik op"]
[Site "Reykjavik ISL"]
[Date "1982.02.16"]
[Round "7"]
[White "Briem, Stefan"]
[Black "Gudmundsson, Elvar"]
[Result "1-0"]
[WhiteElo "2290"]
[BlackElo "2320"]
[EventDate "1982.02.09"]
[PlyCount "64"]

1.e4 c5 2.Nf3 e6 3.d4 cxd4 4.c3 dxc3 5.Nxc3 d6 6.Bc4 Nc6 7.O-O a6 8.Qe2 
Nf6 9.Rd1 Qc7 10.Bf4 Be7 11.e5 dxe5 12.Nxe5 Nxe5 13.Bxe5 Qa5 14.a3 b5 15.
Qf3 Ra7 16.b4 Qb6 17.Bd4 Qb7 18.Bxa7 Qxa7 19.Be2 O-O 20.Rac1 Bb7 21.Qg3 
Qb6 22.Qe3 Qxe3 23.fxe3 Nd5 24.Bf3 Bg5 25.Nxd5 Bxd5 26.Kf2 Bc4 27.Rd6 a5 
28.bxa5 Be7 29.Rb6 Bxa3 30.a6 Bc5 31.Rc6 Ba7 32.Rc7 Bb8 1-0